<?xml version="1.0" encoding="UTF-8"?>
<collection xmlns="http://www.loc.gov/MARC21/slim">
 <record>
  <leader>01563nam a2200205Ia 4500</leader>
  <controlfield tag="001">CTU_97167</controlfield>
  <controlfield tag="008">210402s9999    xx            000 0 und d</controlfield>
  <datafield tag="020" ind1=" " ind2=" ">
   <subfield code="c">2480000</subfield>
  </datafield>
  <datafield tag="082" ind1=" " ind2=" ">
   <subfield code="a">547</subfield>
  </datafield>
  <datafield tag="082" ind1=" " ind2=" ">
   <subfield code="b">C569</subfield>
  </datafield>
  <datafield tag="100" ind1=" " ind2=" ">
   <subfield code="a">Ciferri, Alberto</subfield>
  </datafield>
  <datafield tag="245" ind1=" " ind2="0">
   <subfield code="a">Supramolecular polyners</subfield>
  </datafield>
  <datafield tag="245" ind1=" " ind2="0">
   <subfield code="c">Alberto Ciferri</subfield>
  </datafield>
  <datafield tag="260" ind1=" " ind2=" ">
   <subfield code="a">London</subfield>
  </datafield>
  <datafield tag="260" ind1=" " ind2=" ">
   <subfield code="b">Taylor and Francis</subfield>
  </datafield>
  <datafield tag="260" ind1=" " ind2=" ">
   <subfield code="c">2005</subfield>
  </datafield>
  <datafield tag="520" ind1=" " ind2=" ">
   <subfield code="a">The book highlights developments in the synthesis of complex structures, chemical design principles, and theoretical models of growth processes resulting in an increasingly accurate prediction of stability, degree of polymerization, and shape of various assemblies. It focuses on the rich variety of properties, functions, and applications of self-assembling supramolecular polymers. Supramolecular Polymers, Second Edition ties together potential applications such as those of nanostructures with dynamic-combinatorial-adaptive self-healing features, opto-electronic devices, supramolecular amphiphiles, hydrogels, organic/inorganic nanocomposites, molecular biosensors, molecular imprinting, molecular engines, templates for superlattices with prescribed symmetry. Several chapters of the first edition have been updated or rewritten, and an equal number of new chapters have been added. More than 500 drawings, photographs, micrographs, equations, and tables enhance and reinforce essential concepts presented in the book.</subfield>
  </datafield>
  <datafield tag="650" ind1=" " ind2=" ">
   <subfield code="a">Polymerization,Polymers,Supramolecular chemistry</subfield>
  </datafield>
  <datafield tag="904" ind1=" " ind2=" ">
   <subfield code="i">M.Loan</subfield>
  </datafield>
  <datafield tag="980" ind1=" " ind2=" ">
   <subfield code="a">Trung tâm Học liệu Trường Đại học Cần Thơ</subfield>
  </datafield>
 </record>
</collection>
